00968nam a2200229 i 4500001000300000245027600003260006000279300004900339504001200388650001000400650000800410650004200418650003400460655002900494710003100523020001500554040000800569041000700577080001500584008004100599856009800640bg00aThe discovery of polonium and radium - its scientific and philosophical consequences, benefits and threats to mankind :bproceedings of the international conference, 17-20 September Warsaw Poland : centenary of polonium and radium discovery /cPolish Academy of Sciences. aWarszawa :bCentrum Upowszechniania Nauki PAN,c[1998]. a434 s. :bfaks., fot., rys., wykr. ;c24 cm. aIndeks. 9aPolon 9aRad 9aPromieniotwórczośćxzagadnienia 9aFizyka jądrowaxzagadnienia aMateriały konferencyjne 0aPolish Academy of Sciences a8390879573 cBPK0 aen a539.1(061) s pl f |000 0 pol  uhttp://koha.tu.koszalin.pl/cgi-bin/koha/opac-detail.pl?biblionumber=36610yKatalog online BPK